[Event "4NCL Division 1a"]
[Site "Telford, ENG"]
[Date "2017.11.12"]
[Round "2.42"]
[White "Quillan, Gary"]
[Black "Morrison, Graham"]
[Result "1/2-1/2"]
[WhiteElo "2355"]
[BlackElo "2278"]
[PlyCount "125"]
[EventDate "2017.11.12"]
[WhiteTeam "Spirit of Atticus A"]
[BlackTeam "Barbican 4NCL 2"]

1. e4 c5 2. Nf3 e6 3. c3 d5 4. e5 d4 5. Bd3 Bd7 6. O-O Bc6 7. Na3 Ne7 8. Re1
Ng6 9. Be4 Be7 10. cxd4 cxd4 11. d3 O-O 12. Nc2 Bxe4 13. Rxe4 Nc6 14. Qe2 Qd5
15. h4 f5 16. exf6 Bxf6 17. Ng5 Bxg5 18. Bxg5 e5 19. g3 Rf5 20. b3 a5 21. Bd2
a4 22. bxa4 Rxa4 23. a3 Qb3 24. Rc1 Ra8 25. h5 Nf8 26. h6 Nd7 27. Nb4 Qxa3 28.
Nxc6 bxc6 29. Rxc6 Qb3 30. hxg7 Qd5 31. Rc1 Rf7 32. Bh6 Qd6 33. Rh4 Qd5 34. Re4
Qd6 35. Rh4 Qd5 36. f4 exf4 37. Rxf4 Rxf4 38. Bxf4 Kxg7 39. Qe7+ Qf7 40. Qd6
Re8 41. Qxd4+ Kg8 42. Bd6 Qe6 43. Bf4 Nf6 44. Rf1 Ng4 45. Bd2 Rc8 46. Qf4 Qg6
47. Rc1 Rxc1+ 48. Bxc1 Qb6+ 49. Kg2 Qc6+ 50. Kh3 Nf2+ 51. Qxf2 Qxc1 52. Qf3
Qh6+ 53. Kg2 Qd2+ 54. Kf1 Qc1+ 55. Ke2 Qc2+ 56. Ke3 Qc1+ 57. Kd4 Qb2+ 58. Ke4
Qb4+ 59. d4 Qe7+ 60. Kf4 Qd6+ 61. Ke3 Qa3+ 62. Ke4 Qe7+ 63. Kd3 1/2-1/2

[Event "4NCL Division 1a"]
[Site "Telford, ENG"]
[Date "2017.11.12"]
[Round "2.43"]
[White "Rogers, Jonathan W"]
[Black "Mitchell, Martin"]
[Result "1/2-1/2"]
[WhiteElo "2340"]
[BlackElo "2216"]
[PlyCount "298"]
[EventDate "2017.11.12"]
[WhiteTeam "Barbican 4NCL 2"]
[BlackTeam "Spirit of Atticus A"]

1. d4 Nf6 2. Nc3 d5 3. Bf4 Bf5 4. e3 e6 5. a3 c5 6. Nb5 Na6 7. dxc5 Bxc5 8. b4
Be7 9. Nf3 O-O 10. Be2 Ne4 11. O-O Bf6 12. Rc1 Nc3 13. Nxc3 Bxc3 14. Nd4 Bb2
15. Nxf5 Bxc1 16. Nxg7 Kxg7 17. Qxc1 Nc7 18. Bd3 f6 19. Qd1 Kh8 20. Qh5 Qd7 21.
Bh6 Qf7 22. Qh4 Rg8 23. e4 Rad8 24. Re1 dxe4 25. Rxe4 Nd5 26. g3 Ne7 27. Rf4
Nd5 28. Rf3 f5 29. Bg5 Rdf8 30. Qd4+ Qg7 31. Qxg7+ Kxg7 32. c4 Nf6 33. Re3 Kf7
34. Bf4 Rd8 35. h3 b5 36. Be5 bxc4 37. Bxc4 Rd1+ 38. Kg2 Nd5 39. Rb3 Rc8 40.
Be2 Re1 41. Rb2 Rec1 42. Bd3 Nb6 43. Rb3 Nc4 44. Bf4 Re1 45. g4 fxg4 46. hxg4
e5 47. Bf5 Rg8 48. Bg3 Nd6 49. f3 Re2+ 50. Kf1 Nxf5 51. gxf5 Ra2 52. Bxe5 Rgg2
53. Re3 Rgc2 54. Re1 Rf2+ 55. Kg1 Rg2+ 56. Kh1 Rge2 57. Rxe2 Rxe2 58. Bd4 a6
59. Kg1 Rd2 60. Bc5 Kf6 61. a4 Ra2 62. b5 a5 63. Bd4+ Kxf5 64. b6 Rxa4 65. Bc3
Ra3 66. Bb4 Rb3 67. Bxa5 Kf4 68. Kg2 Rb2+ 69. Kh3 Kxf3 70. Bc3 Rxb6 71. Kh4 Kf4
72. Kh5 Rb3 73. Bd2+ Kf5 74. Kh4 h5 75. Be1 Rb1 76. Bd2 Rg1 77. Kh3 Ke4 78. Kh4
Kf5 79. Kh3 Rg4 80. Bh6 Ke4 81. Bc1 Kf3 82. Bh6 Ra4 83. Bg7 Rb4 84. Bf6 Kf2 85.
Be7 Rc4 86. Bf6 Rc1 87. Kh2 Kf3 88. Bg5 Rc2+ 89. Kh3 Rc4 90. Bh6 Rg4 91. Bf8
Rg1 92. Kh2 Rg8 93. Bh6 Kg4 94. Be3 Re8 95. Bb6 Re2+ 96. Kh1 Kh3 97. Bg1 Rb2
98. Bd4 Rd2 99. Be3 Re2 100. Bb6 h4 101. Bc5 Rd2 102. Bb6 Kg4 103. Ba5 Rc2 104.
Bb4 Rc4 105. Bd2 Kg3 106. Be1+ Kf3 107. Ba5 Rc1+ 108. Kh2 Ra1 109. Bc7 Ra6 110.
Kh3 Rh6 111. Bd8 Kf4 112. Ba5 Kf5 113. Be1 Rh7 114. Bd2 Kg6 115. Be1 Kf5 116.
Bd2 Ke4 117. Bg5 Rg7 118. Bf6 Rg6 119. Bd8 Rh6 120. Bg5 Rh7 121. Bd8 Kf5 122.
Bb6 Kg5 123. Bf2 Kf4 124. Be1 Kf3 125. Ba5 Ra7 126. Bb6 Rb7 127. Bc5 Kf4 128.
Bf2 Rb1 129. Bc5 Rh1+ 130. Kg2 Rc1 131. Bd6+ Kg4 132. Bb8 Rc2+ 133. Kh1 Kf3
134. Bd6 Ke4 135. Be7 Rc7 136. Bd6 Rd7 137. Bc5 Kf3 138. Kh2 Kg4 139. Bb6 Rd2+
140. Kh1 Rc2 141. Ba7 Ra2 142. Bb6 Kf3 143. Bd8 Kg3 144. Bc7+ Kf3 145. Bd8 Ra4
146. Kh2 h3 147. Bc7 Ra2+ 148. Kh1 Rb2 149. Bd6 Rc2 1/2-1/2

[Event "4NCL Division 1a"]
[Site "Telford, ENG"]
[Date "2017.11.12"]
[Round "2.44"]
[White "Lund, D Brett"]
[Black "Sowray, Peter J"]
[Result "0-1"]
[WhiteElo "2258"]
[BlackElo "2322"]
[PlyCount "86"]
[EventDate "2017.11.12"]
[WhiteTeam "Spirit of Atticus A"]
[BlackTeam "Barbican 4NCL 2"]

1. c4 e6 2. Nf3 d5 3. b3 Nf6 4. g3 Be7 5. Bg2 O-O 6. O-O c5 7. Bb2 Nc6 8. e3 b6
9. Qe2 Bb7 10. Rd1 Qc7 11. Nc3 dxc4 12. bxc4 a6 13. Rab1 Rab8 14. Ba1 Rfd8 15.
d3 Na7 16. a4 Nc6 17. Ne1 Nb4 18. f4 Bxg2 19. Kxg2 Rd7 20. Rd2 Rbd8 21. Rbd1
Ne8 22. Nf3 Qb7 23. Kf2 Nd6 24. e4 Nc6 25. Rb2 Nc8 26. e5 Nb4 27. Rbd2 Na7 28.
g4 Nac6 29. Ne4 Na5 30. Bc3 Nb3 31. Bxb4 cxb4 32. Rb2 Nd4 33. Nxd4 Rxd4 34. Ke3
Qd7 35. Qc2 Bc5 36. Nxc5 bxc5 37. h4 a5 38. Qb3 f6 39. exf6 gxf6 40. Rf2 Qd6
41. Rdd2 e5 42. Rf3 e4 43. Rff2 Re8 0-1

[Event "4NCL Division 1a"]
[Site "Telford, ENG"]
[Date "2017.11.12"]
[Round "2.45"]
[White "Moss, Guy"]
[Black "House, Glenn L"]
[Result "0-1"]
[WhiteElo "2192"]
[BlackElo "2198"]
[PlyCount "110"]
[EventDate "2017.11.12"]
[WhiteTeam "Barbican 4NCL 2"]
[BlackTeam "Spirit of Atticus A"]

1. e4 c5 2. Nf3 e6 3. d4 cxd4 4. Nxd4 Nf6 5. f3 Nc6 6. Be3 d5 7. exd5 exd5 8.
Bb5 Bd7 9. Nd2 Bd6 10. N2b3 O-O 11. Qd2 Re8 12. O-O-O a6 13. Bd3 Ne5 14. Ne2
Nxd3+ 15. cxd3 Qe7 16. Bf4 Bxf4 17. Nxf4 Ba4 18. Rde1 Qc7+ 19. Kb1 Bxb3 20.
axb3 Qb6 21. Ka2 d4 22. Rxe8+ Rxe8 23. Re1 Re3 24. g4 h6 25. h4 Rxf3 26. g5
Rxf4 27. Re5 Rxh4 28. gxf6 Qxf6 29. Qe1 Kh7 30. Re7 b5 31. Rxf7 Qxf7 32. Qxh4
Qd5 33. Kb1 a5 34. Qe1 Qf3 35. Qd2 Qe3 36. Qd1 b4 37. Qf1 Qe5 38. Kc2 h5 39.
Qf2 Kh6 40. Qg2 Qc5+ 41. Kd1 Qe5 42. Kc2 g6 43. Qf2 Qe3 44. Qf8+ Kg5 45. Qd8+
Kg4 46. Qxa5 Kf3 47. Qd5+ Kf2 48. Qd6 Qe2+ 49. Kc1 Qg4 50. Qxb4 Qf4+ 51. Kd1 h4
52. Qe1+ Kg2 53. Qe2+ Kg1 54. Qe6 Qf3+ 55. Kc2 h3 0-1

[Event "4NCL Division 1a"]
[Site "Telford, ENG"]
[Date "2017.11.12"]
[Round "2.46"]
[White "Ivell, Nicholas W"]
[Black "Klingher, Dominic"]
[Result "1/2-1/2"]
[WhiteElo "2220"]
[BlackElo "2200"]
[PlyCount "76"]
[EventDate "2017.11.12"]
[WhiteTeam "Spirit of Atticus A"]
[BlackTeam "Barbican 4NCL 2"]

1. Nf3 d6 2. g3 e5 3. d3 f5 4. e4 Nf6 5. Nbd2 Nc6 6. Bg2 Be7 7. O-O O-O 8. c3
Qe8 9. Nh4 f4 10. Nf5 g6 11. Nxe7+ Qxe7 12. Nf3 Nh5 13. d4 fxg3 14. hxg3 exd4
15. Nxd4 Ne5 16. a4 a6 17. Nc2 Bg4 18. Qd5+ Be6 19. Qd1 Bc4 20. Ne3 Bxf1 21.
Nxf1 Qf7 22. f4 Nc6 23. e5 Qe7 24. Qb3+ Kg7 25. Qxb7 dxe5 26. Qxc6 exf4 27.
gxf4 Rad8 28. Be3 Nxf4 29. Re1 Qf7 30. Qf3 Rd3 31. Qe4 Rd7 32. Bd4+ Kg8 33. Qe5
Rxd4 34. Qxd4 c5 35. Qe4 Qf6 36. Qe5 Qf7 37. Qe4 Qf6 38. Qe5 Qf7 1/2-1/2

[Event "4NCL Division 1a"]
[Site "Telford, ENG"]
[Date "2017.11.12"]
[Round "2.47"]
[White "O'Toole, George E"]
[Black "Jackson, Sheila"]
[Result "1/2-1/2"]
[WhiteElo "2263"]
[BlackElo "2113"]
[PlyCount "67"]
[EventDate "2017.11.12"]
[WhiteTeam "Barbican 4NCL 2"]
[BlackTeam "Spirit of Atticus A"]

1. e4 c5 2. c3 Nf6 3. e5 Nd5 4. d4 d6 5. Nf3 cxd4 6. cxd4 Nc6 7. Bc4 dxe5 8.
dxe5 e6 9. O-O Be7 10. Qe2 Nb6 11. Bb3 Bd7 12. Nc3 a6 13. Rd1 Qc7 14. Bf4 O-O
15. Rac1 Rfd8 16. Ne4 Be8 17. Nd6 Nc8 18. Nxe8 Rxe8 19. Qe4 N8a7 20. Re1 Qa5
21. Ng5 g6 22. Re3 Rad8 23. Nxf7 Kxf7 24. Bh6 Nd4 25. Qf4+ Kg8 26. h4 Nac6 27.
h5 Nxb3 28. hxg6 hxg6 29. Qe4 Nxe5 30. axb3 Qd5 31. Qxe5 Qxe5 32. Rxe5 Bf6 33.
Re2 Rd7 34. Rce1 1/2-1/2

[Event "4NCL Division 1a"]
[Site "Telford, ENG"]
[Date "2017.11.12"]
[Round "2.48"]
[White "Latham, David"]
[Black "Regan, Natasha K"]
[Result "1-0"]
[WhiteElo "2106"]
[BlackElo "2005"]
[PlyCount "87"]
[EventDate "2017.11.12"]
[WhiteTeam "Spirit of Atticus A"]
[BlackTeam "Barbican 4NCL 2"]

1. d4 Nf6 2. c4 g6 3. Nf3 Bg7 4. Nc3 O-O 5. g3 d6 6. Bg2 c6 7. O-O Qa5 8. e4 e5
9. Qc2 exd4 10. Nxd4 Qh5 11. Nde2 g5 12. f3 Be6 13. g4 Qg6 14. Nd4 Nfd7 15. Nf5
Bxf5 16. exf5 Bd4+ 17. Kh1 Qg7 18. Ne4 d5 19. Nxg5 dxc4 20. Ne4 Ne5 21. f6 Qg6
22. g5 Na6 23. f4 Ng4 24. Bf3 Ne3 25. Bxe3 Bxe3 26. Qe2 Bd4 27. Bg4 Kh8 28. f5
Qg8 29. Qxc4 Rad8 30. Rad1 Bxb2 31. Rxd8 Rxd8 32. Rd1 Rxd1+ 33. Bxd1 Qe8 34.
Bh5 c5 35. Bxf7 Qd8 36. Qe2 Nb4 37. Qxb2 Qd1+ 38. Kg2 Nd3 39. Qd2 Ne1+ 40. Kh3
Qf3+ 41. Ng3 Nd3 42. g6 Nf2+ 43. Qxf2 Qxf2 44. g7# 1-0